Harry Potter Character or Prime Minister? Quiz Stats

 Plays Quiz Updated Mar 31, 2018

Score 0/16 Timer 01:00
10 Plays Today
Name Harry Potter (H) or Prime Minister (P)? % Correct
Neville Longbottom???
93.4%
Dolores Umbridge???
93.1%
Cornelius Fudge???
93.1%
Margaret Thatcher???
91.3%
Alec Douglas-Home???
89.3%
Ramsay MacDonald???
89%
Clement Attlee???
88.3%
Neville Chamberlain???
85.6%
Name Harry Potter (H) or Prime Minister (P)? % Correct
Herbert Asquith???
85.3%
Justin Finch-Fletchley???
82.6%
Cadmus Peverell???
80.4%
Cormac McLaggen???
79.1%
Cuthbert Binns???
74.7%
Spencer Perceval???
68.5%
Gideon Prewett???
65%
Archibald Primrose???
62.9%

You're not logged in!

Compare scores with friends on all Sporcle quizzes.
OR
Log In

Sporcle TV

Today on Sporcle TV


Watch our educational content, quiz creation guides, and fun videos on Sporcle TV.

Show Comments

Extras

Top Quizzes Today


Score Distribution

Your Account Isn't Verified!

In order to create a playlist on Sporcle, you need to verify the email address you used during registration. Go to your Sporcle Settings to finish the process.

Report this User

Report this user for behavior that violates our Community Guidelines.

Details: